000 00470nam a2200181Ia 4500
008 230711s9999||||xx |||||||||||||| ||und||
020 _a978-93-325-3576-3
041 _aENG
082 _a621.392
_bMA-D
100 _aMano,M.Morris
245 0 _aDigital Design with An Introduction to The Verilog HDL
250 _a5th Ed.
260 _c2017
_aNew Delhi
_bPearson
300 _a678p.
650 _aElectrical Engineering
700 _aCiletti,Michael D
942 _cBK
999 _c6549
_d6549